000 00245nam a22001097a 4500
082 _a920/SHA
100 _aSharma, Summan Kumar
_980374
245 _a Veer Savarkar
260 _aDelhi
_bRaj Pub
_c2017
650 _aBiography
_980375
942 _cBK
999 _c63756
_d63756